000 00702nam a2200241Ia 4500
003 OSt
005 20221005052634.0
006 a|||||r|||| 00| 0
007 ta
008 221004b |||||||| |||| 00| 0 eng d
024 _a65061
037 _cTextual
040 _aCRL
_cCRL
_beng
041 _2eng
_aeng
082 _aX.1'N9, N4;N5
100 _aBrown Lester R and others
_9308387
245 0 _aVital signs
_b The trends that are shaping our future 1995-1996.
260 _aLondon
_bEarthscan UK
_c1995
300 _a178p.
_ccm.
650 _aINTERNATIONAL ECONOMIC RELATIONS
942 _hX.1'N9, N4;N5
_cTEXL
_2cc
999 _c960727
_d960727